000 00381nam a2200181Ia 4500
100 _aForouzan/B.A
650 _aNetworking
250 _a5
942 _cBK
366 _f25
654 _anetworking
245 _aData communications and Networking
260 _bMcGraw - Hill
_c2013
082 _a4.6
_bFOR
300 _a1226
546 _aENGLISH
_cComputers
999 _c19696
_d19696